000 00737nam a2200229 i 4500
001 bg
100 1 _aWOŹNIAK, Krzysztof.
245 1 0 _aO pisaniu pracy magisterskiej na studiach humanistycznych :
_bprzewodnik praktyczny /
_cKrzysztof Woźniak.
260 _aWarszawa ;
_aŁódź :
_bWydaw. Naukowe PWN. Oddział,
_c1998.
300 _a131, [1] s. :
_bmapa, rys. ;
_c21 cm.
504 _aBibliogr. s. 131-[132] i przy rozdz.
650 9 _aDysertacje i |prace magisterskie
650 9 _aNauki społeczne
_xszkolnictwo wyższe
655 _aPoradniki
020 _a8301128526
040 _cBPK
041 0 _apl
080 _a378.22(083.1)
920 _a83-01-12852-6
942 _cKS
008 s pl f |000 0 pol
999 _c36217
_d36217
856 _uhttp://koha.tu.koszalin.pl/cgi-bin/koha/opac-detail.pl?biblionumber=36217
_yKatalog online BPK